| Tag |
First Indicator |
Second Indicator |
Subfields |
| LEADER |
00000cam a2200000 4500 |
| 001 |
in00000036751 |
| 005 |
20151007062217.0 |
| 008 |
770826s1954 dcu b 00000 eng c |
| 010 |
|
|
|a a 54010060
|
| 035 |
|
|
|a (OCoLC)03220483
|
| 035 |
|
|
|9 AAD4226AM
|
| 040 |
|
|
|a Catholic Univ. of America. Library.
|c SUC
|d TXA
|d UtOrBLW
|
| 049 |
|
|
|a TXAM
|c [242065]
|
| 050 |
0 |
0 |
|a PR6045.I5
|b Z7
|
| 092 |
|
|
|a 821
|b W722Yg
|
| 100 |
1 |
|
|a Gigrich, John P.,
|d 1921-
|
| 245 |
1 |
3 |
|a An immortality for its own sake ;
|b a study of the concept of poetry in the writings of Charles Williams.
|
| 264 |
|
1 |
|a Washington :
|b Catholic University of America Press,
|c 1954.
|
| 300 |
|
|
|a ix, 123 pages ;
|c 23 cm.
|
| 336 |
|
|
|a text
|b txt
|2 rdacontent
|
| 337 |
|
|
|a unmediated
|b n
|2 rdamedia
|
| 338 |
|
|
|a volume
|b nc
|2 rdacarrier
|
| 502 |
|
|
|c Catholic University of America.
|
| 504 |
|
|
|a "Selected bibliography" : pages 111-123.
|
| 600 |
1 |
0 |
|a Williams, Charles,
|d 1886-1945.
|
| 650 |
|
0 |
|a Poetry.
|
| 999 |
|
|
|a MARS
|
| 999 |
f |
f |
|s c1c65c84-47a8-306f-a0f3-5526105ad4d2
|i 758b86c8-3b33-3b3c-beb8-7e650ddf59a2
|t 0
|
| 952 |
f |
f |
|p normal
|a Texas A&M University
|b College Station
|c Sterling C. Evans Library
|d Evans: Library Stacks
|t 0
|e PR6045.I5 Z7
|h Library of Congress classification
|i unmediated -- volume
|m A14801288195
|
| 998 |
f |
f |
|a PR6045.I5 Z7
|t 0
|l Evans: Library Stacks
|